| 000 | 00859nam a2200229 a 4500 | ||
|---|---|---|---|
| 001 | 54935 | ||
| 003 | BD-RjUL | ||
| 005 | 20211209080206.0 | ||
| 008 | 161112s1976 bg ||||| |||| 00| 0 ben d | ||
| 020 | _c: Tk.34.00 | ||
| 035 | _a(BD-RjUL) 55057 | ||
| 040 |
_aBD-RjUL _bben _cBD-RjUL _dBD-RjUL |
||
| 041 | _aben | ||
| 082 |
_223 _a635.095492 _bRAB 1976 |
||
| 100 |
_aরসিদ, মোহাম্মদ মামুনুর _9163767 |
||
| 245 | 1 | 0 |
_aবাংলাদেশের সবজী / _cমোহাম্মদ মামুনুর রসিদ, |
| 260 |
_aঢাকা : _bবাংলা একাডেমী, _c১৯৭৬. |
||
| 300 |
_a[৮], ৪৯৪ পৃ. ; _c২২ সেমি. |
||
| 650 |
_aশস্য উৎপাদন _vবাংলাদেশ _9163768 |
||
| 650 |
_aHorticulture _vBangladesh _9163769 |
||
| 942 |
_2ddc _cBK |
||
| 999 |
_c54935 _d54935 |
||